| 000 | 00656nam a2200229 a 4500 | ||
|---|---|---|---|
| 999 |
_c11584 _d11584 |
||
| 001 | 11584 | ||
| 003 | BD-JhCC | ||
| 005 | 20221013134022.0 | ||
| 008 | 200328s20182020bg |||| ||a| 000 0 ben d | ||
| 020 | _a9789848072059 | ||
| 035 | _a(BD-JhCC)11584 | ||
| 040 |
_aBD-JhCC _dBD-JhCC |
||
| 041 | _aben | ||
| 082 |
_bSAD 2020 _a158 |
||
| 100 | _aসাদিক, আয়মান | ||
| 245 |
_aনেভার স্টপ লার্নিং / _cআয়মান সাদিক । |
||
| 260 |
_aঢাকা: _bঅধ্যয়ন; _c২০২০. |
||
| 300 |
_a174 p . : _c22 cm |
||
| 650 | _asuccess | ||
| 942 |
_2ddc _cBK _07 |
||